| 000 | 00789cam a22002174a 4500 | ||
|---|---|---|---|
| 005 | 20250605163555.0 | ||
| 008 | 250528s ||||||||||||||||||||||||d | ||
| 035 | _a22012 | ||
| 020 | _a9789600334494 | ||
| 040 |
_aGR-AtMCL _bgre _dGR-AtMCL _eAACR2 |
||
| 245 | 1 | _aΗ ΣΤΡΑΤΗΓΙΚΗ ΔΙΟΙΚΗΣΗ ΕΠΙΧΕΙΡΗΣΕΩΝ ΚΑΙ ΑΛΛΑΓΩΝ | |
| 250 | _a3 | ||
| 260 |
_bΚαστανιώτη, _c2002 |
||
| 300 | _a234 | ||
| 505 | 0 | _aΣΤΡΑΤΗΓΙΚΗ ΔΙΟΙΚΗΣΗ ΣΦΑΙΡΙΚΑ ΜΟΝΤΕΛΑ ΣΥΣΤΗΜΙΚΗ ΑΝΤΙΛΗΨΗ | |
| 520 | _aΣΤΡΑΤΗΓΙΚΗ ΔΙΟΙΚΗΣΗ ΣΦΑΙΡΙΚΑ ΜΟΝΤΕΛΑ ΣΥΣΤΗΜΙΚΗ ΑΝΤΙΛΗΨΗ | ||
| 700 | 1 | _aΠαπουλιας Δημητρης Β | |
| 942 | _cBK | ||
| 999 |
_c7068 _d7068 |
||